000 00419nam a22001697a 4500
999 _c16837
_d16837
003 NUST
008 140108t xxu||||| |||| 00| 0 eng d
020 _a9693515765
038 _aASAB
082 _a891.4393
100 _aPandath Rathan Nath Sarshar
_9563
245 _aFasana e Azad
260 _aLahore
_bSang e Meel Publications
_c2005
300 _a272 P
440 _v4 Volume set Vol. 1
_9564
942 _2ddc
_cBK